| 000 | 00726nam a22002057a 4500 | ||
|---|---|---|---|
| 999 |
_c9555 _d9555 |
||
| 003 | AR-CdUCM | ||
| 008 | 190328b ||||| |||| 00| 0 spa d | ||
| 040 |
_aMUNICIPALIDAD PROVINCIAL DEL CUSCO _cBIBLIOTECA MUNICIPAL DEL CUSCO |
||
| 082 |
_a614 / _bS19 / 1919 |
||
| 100 |
_aSánchez Aizcorbe, Cesar _925828 |
||
| 245 |
_aLa salud : _bTratado de la higiene y medicina natural / |
||
| 260 |
_aBuenos Aires : _bGadola, _c1919. |
||
| 300 |
_a534 paginas ; _c22 cm. |
||
| 505 | _aContenido :Declaración de principios --Educación y Reecaudación --El hombre --Aparato digestivo --Digestión ... | ||
| 650 |
_aSalud _98684 |
||
| 650 |
_aHigiene _925829 |
||
| 650 |
_aAlimentación _919429 |
||
| 942 |
_2ddc _cLIBROS |
||
| 945 | _arjall | ||